Attributes of Ethical Codes at Universities

Článok približuje reguláciu etického správania na vysokých školách, nakoľko sa uvedenej oblasti nevenuje dostatočná pozornosť. Analýza etických kódexov na univerzitách podľa vybraných atribútov a návrh možných odporúčaní na základe zistení. Objektom skúmania sú vybrané vysokoškolské inštitúcie – kon...

Descripción completa

Guardado en:
Detalles Bibliográficos
Autor principal: Kissová, Jana, 1979-
Otros Autores: Dubcová, Gabriela, 1968-
Formato: Capítulo de libro
Lenguaje:eslovaco
Materias:
Etiquetas: Agregar Etiqueta
Sin Etiquetas, Sea el primero en etiquetar este registro!

MARC

LEADER 00000naa$a2200000$$$4500
001 0290321
005 20240502083939.4
041 0 |a slo 
044 |a CZ 
245 1 0 |a Attributes of Ethical Codes at Universities  |c Jana Kissová, Gabriela Dubcová 
520 |a Článok približuje reguláciu etického správania na vysokých školách, nakoľko sa uvedenej oblasti nevenuje dostatočná pozornosť. Analýza etických kódexov na univerzitách podľa vybraných atribútov a návrh možných odporúčaní na základe zistení. Objektom skúmania sú vybrané vysokoškolské inštitúcie – konkrétne univerzity patriace do verejnej sféry (17 verejných univerzít na Slovensku). Sumárne výsledky podľa stanovených kritérií. Pri získavaní potrebných informácií sa vychádzalo z webových stránok univerzít. 
610 2 0 |a vzdelávanie vysokoškolské 
610 2 0 |a univerzity 
610 2 0 |a školy vysoké 
610 2 0 |a školstvo 
610 2 0 |a kódexy etické 
610 2 0 |a etika 
610 2 0 |a ukazovatele 
610 2 0 |a kvalita vzdelávania 
610 2 0 |a Slovensko 
100 1 |a Kissová, Jana, 1979- 
700 1 |a Dubcová, Gabriela, 1968-